|
|
|
|
| LEADER |
00000nam a22000007a 4500 |
| 005 |
20210803224552.0 |
| 007 |
cr|||| |||| |
| 008 |
210803s2021 es |||||s|||| 00||0 spa d |
| 020 |
|
|
|a 978-84-1377-206-6
|
| 035 |
|
|
|a 33509
|
| 040 |
|
|
|a vLex
|
| 090 |
|
|
|c 11883
|d 11883
|
| 100 |
1 |
|
|a Sǹchez Gm̤ez, Ral︢
|
| 245 |
1 |
0 |
|a Manual de Derecho Procesal Penal para Guardias Civiles
|h [Recurso electrn̤ico] /
|c Ral︢ Sǹchez Gm̤ez, Juan Alejandro Montoro Sǹchez
|
| 256 |
|
|
|a Servicio en ln̕ea
|
| 260 |
|
|
|a Madrid:
|b Dykinson,
|c 2021
|
| 300 |
|
|
|a 1 recurso electrn̤ico
|
| 506 |
1 |
|
|a Disponible solo en los productos indicados
|d vLex Global
|d vLex Global (Academic Edition, excluding Law Schools)
|d vLex Global (U.S. Academic Edition, Law Schools)
|d vLex Global (U.S. Academic Edition, excluding Law Schools)
|d vLex Global (Academic Edition, Law Schools)
|
| 650 |
0 |
4 |
|a Derecho Procesal
|z Espaą
|
| 650 |
0 |
4 |
|a Procedimiento Penal
|z Espaą
|
| 700 |
1 |
|
|a Montoro Sǹchez, Juan Alejandro
|
| 740 |
0 |
|
|a vLex Libros (Servicio en ln̕ea)
|
| 856 |
4 |
0 |
|u https://app.vlex.com/#/sources/33509
|z Acceso restringido
|
| 942 |
|
|
|c BOOK
|
| 999 |
0 |
|
|a Procedural Law
|
| 999 |
0 |
|
|a Criminal Procedure
|